[Event "Challenge"]
[Site "http://www.queenalice.com/game.php?id=1102337"]
[Date "2012.9.12"]
[Round "-"]
[White "Guzgui"]
[Black "nsarquis"]
[Result "0-1"]
[WhiteElo "1621"]
[BlackElo "1665"]

1. e4 e6 2. Nf3 d5 3. e5 c5 4. c3 a6 5. Qa4+ b5 6. Bxb5+ Nd7 7. Bc6 Rb8 8. d4 g6
9. Bg5 Be7 10. h4 Rxb2 11. Nbd2 h6 12. Bxe7 Nxe7 13. dxc5 O-O 14. O-O Nxc5 15.
Qg4 h5 16. Qg5 Nf5 17. Qxd8 Rxd8 18. Rab1 Rxa2 19. Rb8 a5 20. Ra8 a4 21. c4 Ne7
22. Bb5 dxc4 23. Nxc4 Kg7 24. Nb6 a3 25. Bc4 Rb2 26. Rxa3 Rxb6 27. Rc1 Bb7 28.
Ne1 Nf5 29. g3 Rd2 30. f4 Ne4 31. Ra7 Nexg3 32. Nd3 Rg2# 0-1

[Event "Challenge"]
[Site "http://www.queenalice.com/game.php?id=1108111"]
[Date "2012.9.30"]
[Round "-"]
[White "Andrei_78"]
[Black "Guzgui"]
[Result "0-1"]
[WhiteElo "1673"]
[BlackElo "1602"]

1. e4 e5 2. Nf3 Nc6 3. a3 Nf6 4. d3 a5 5. h3 d5 6. Bg5 dxe4 7. dxe4 Qxd1+ 8.
Kxd1 Nxe4 9. Be3 Be6 10. Bd3 O-O-O 11. Nbd2 Nxd2 12. Nxd2 f5 13. g3 f4 14. gxf4
exf4 15. Bxf4 Be7 16. Be3 Rhf8 17. Bb5 Bh4 18. Bxc6 Bxf2 19. Bxf2 Rxf2 20. Kc1
Rdxd2 21. Be4 Bxh3 22. Rxh3 Rde2 23. Bd3 Rf1# 0-1

[Event "AUTO-INT-2366"]
[Site "http://www.queenalice.com/game.php?id=1109956"]
[Date "2012.10.6"]
[Round "2"]
[White "thigo"]
[Black "Guzgui"]
[Result "1-0"]
[WhiteElo "1556"]
[BlackElo "1621"]

1. b3 e5 2. d4 Qf6 3. Bb2 e4 4. Nc3 c6 5. Qd2 a5 6. Nxe4 Qg6 7. f3 Na6 8. Qe3 d5
9. Nf6+ Kd8 10. Qe8+ Kc7 11. Nd7 Qe6 12. Qxf8 Nb4 13. O-O-O Qxd7 14. Qxg7 Qd6
15. Qxh8 Qg6 16. Qe5+ Kd8 17. e4 Ne7 18. Bd3 Qxg2 19. Ne2 Qxf3 20. Qh8+ Kd7 21.
Nc3 b5 22. Rhf1 Qe3+ 23. Kb1 Bb7 24. Qxh7 c5 25. Rxf7 Nc6 26. Nxd5 Re8 27. Nf6+
Kd8 28. Nxe8 Kxe8 29. Bxb5 Qxe4 30. dxc5 Qg4 31. Re1 Qg5 32. Bf6 Qxc5 33. Rexe7+
Kd8 34. Qh8# 1-0

[Event "AUTO-INT-2366"]
[Site "http://www.queenalice.com/game.php?id=1109957"]
[Date "2012.10.6"]
[Round "2"]
[White "Guzgui"]
[Black "thigo"]
[Result "1-0"]
[WhiteElo "1589"]
[BlackElo "1581"]

1. e4 d5 2. exd5 Qxd5 3. c4 Qe5+ 4. Be2 Nf6 5. Nf3 Qe6 6. O-O Nc6 7. Nc3 Qd6 8.
Qa4 Bd7 9. c5 Qd5 10. Nxd5 Nxd5 11. Nd4 Ncb4 12. Bb5 c6 13. Bc4 b5 14. Bxb5 cxb5
15. Nxb5 a6 16. Nc7+ Kd8 17. Qa5 Nxc7 18. Qxb4 e6 19. d4 a5 20. Qb7 Rc8 21. c6
Be8 22. Bf4 Nd5 23. Rfc1 Bxc6 24. Rxc6 Rxc6 25. Qxc6 Ne7 26. Qc7+ Ke8 27. Rc1 f6
28. Bd6 Kf7 29. b4 h5 30. bxa5 g5 31. a6 Kg6 32. a7 Bh6 33. Qxe7 g4 34. Qb7 Bxc1
35. Bb8 Rd8 36. a8=Q Rxd4 37. g3 Kf5 38. Qa5+ e5 39. Qb1+ Re4 40. Qxc1 Kg6 41.
Qd5 Kf5 42. Bxe5 Rxe5 43. Qc2+ Kg5 44. Qdd2+ 1-0

[Event "AUTO-INT-2366"]
[Site "http://www.queenalice.com/game.php?id=1109958"]
[Date "2012.10.6"]
[Round "2"]
[White "lordmago"]
[Black "Guzgui"]
[Result "0-1"]
[WhiteElo "1642"]
[BlackElo "1561"]

1. d4 e6 2. e4 c6 3. Nc3 Bb4 4. Bd2 Qf6 5. e5 Qf5 6. a3 Bxc3 7. Bxc3 Nh6 8. Bd3
Qg5 9. g3 f5 10. Bd2 Qg4 11. Qxg4 Nxg4 12. h3 Nh6 13. Bxh6 gxh6 14. Nf3 Na6 15.
O-O f4 16. g4 b5 17. Rac1 b4 18. axb4 Nxb4 19. Be2 Rg8 20. c3 Nd5 21. Bc4 Nb6
22. Bd3 Bb7 23. Bxh7 Rg7 24. Be4 Ba6 25. Nh4 Bxf1 26. Kxf1 Nc4 27. Rc2 Rb8 28.
Bd3 Nxb2 29. Be4 d5 30. Bf3 a5 31. Ke1 a4 32. Kd2 a3 33. Kc1 Nc4 34. Be2 Na5 35.
Ra2 Nb3+ 36. Kc2 Ra7 37. c4 Nxd4+ 38. Kd3 Nxe2 39. Kxe2 Rb2+ 40. Rxb2 axb2 0-1

[Event "AUTO-INT-2366"]
[Site "http://www.queenalice.com/game.php?id=1109959"]
[Date "2012.10.6"]
[Round "2"]
[White "Guzgui"]
[Black "lordmago"]
[Result "0-1"]
[WhiteElo "1605"]
[BlackElo "1625"]

1. e4 e5 2. Nh3 d6 3. Qf3 Bxh3 4. Bc4 Be6 5. Bxe6 fxe6 6. d4 exd4 7. h4 Qf6 8.
e5 Qxe5+ 9. Kd1 Nd7 10. Re1 Qb5 11. Rxe6+ Ne7 12. Na3 Qc5 13. Qxb7 Rb8 14. Qe4
Nf6 15. Qe2 Kd7 16. Bg5 Re8 17. Bxf6 gxf6 18. Qg4 Kd8 19. Rxf6 Qc6 20. Qxd4 Qxg2
21. Ke2 Nf5+ 0-1

[Event "Challenge"]
[Site "http://www.queenalice.com/game.php?id=1115147"]
[Date "2012.10.22"]
[Round "-"]
[White "Guzgui"]
[Black "constantin"]
[Result "0-1"]
[WhiteElo "1578"]
[BlackElo "1645"]

1. e4 e5 2. Qh5 Qf6 3. Nc3 c6 4. Nf3 d6 5. g4 Qxf3 6. Rg1 g6 7. Qh4 Be7 8. Qg3
Qf6 9. g5 Qe6 10. b3 f6 11. Bc4 Qd7 12. Qf3 b5 13. gxf6 Nxf6 14. d3 bxc4 15. Bg5
Nh5 16. Bxe7 Qxe7 17. O-O-O cxb3 18. cxb3 Nf6 19. h4 Be6 20. d4 Rf8 21. Qe3 exd4
22. Qxd4 c5 23. Qa4+ Bd7 24. Qa3 a6 25. Rde1 Kf7 26. Nd5 Nxd5 27. exd5 Qxh4 28.
b4 cxb4 29. Qf3+ Kg7 30. Qg3 Qc4+ 31. Kb1 Bf5+ 32. Ka1 Qd4+ 0-1

[Event "Challenge"]
[Site "http://www.queenalice.com/game.php?id=1115684"]
[Date "2012.10.24"]
[Round "-"]
[White "Guzgui"]
[Black "Martial"]
[Result "0-1"]
[WhiteElo "1607"]
[BlackElo "1564"]

1. e4 e5 2. Nh3 Nf6 3. d4 Nc6 4. Bg5 exd4 5. a3 Be7 6. Bb5 a6 7. Bxc6 dxc6 8.
Nd2 Bxh3 9. gxh3 O-O 10. Bxf6 Bxf6 11. Rg1 h6 12. Qe2 d3 13. cxd3 Bxb2 14. Rb1
Bxa3 15. Qg4 g5 16. Nc4 Qxd3 17. Qe2 Qxb1+ 0-1

[Event "Challenge"]
[Site "http://www.queenalice.com/game.php?id=1116148"]
[Date "2012.10.26"]
[Round "-"]
[White "nsarquis"]
[Black "Guzgui"]
[Result "1-0"]
[WhiteElo "1679"]
[BlackElo "1590"]

1. e4 e5 2. Nf3 Nc6 3. Nc3 Nf6 4. Bc4 Na5 5. Nxe5 d6 6. Nxf7 Qe7 7. Bb5+ c6 8.
Nxh8 cxb5 9. d4 Nxe4 10. Qh5+ g6 11. Qxb5+ Bd7 12. Qxa5 b6 13. Qb4 Ng3+ 14. Be3
Nxh1 15. O-O-O Bg7 16. Nd5 Qd8 17. Qxd6 Bxh8 18. Nc7+ Kf7 19. Qd5+ 1-0

[Event "Challenge"]
[Site "http://www.queenalice.com/game.php?id=1121148"]
[Date "2012.11.11"]
[Round "-"]
[White "Andrei_78"]
[Black "Guzgui"]
[Result "1-0"]
[WhiteElo "1716"]
[BlackElo "1582"]

1. e4 e5 2. Nf3 d6 3. h3 Nf6 4. d3 Nc6 5. a3 d5 6. exd5 Nxd5 7. Be2 a5 8. Bg5 f6
9. Bh4 Nf4 10. Bg3 b5 11. Bxf4 exf4 12. Nbd2 b4 13. Nh2 Be6 14. Bf3 Bd5 15. O-O
Be7 16. Bxd5 Qxd5 17. Ng4 f5 18. Nh2 1-0

[Event "Challenge"]
[Site "http://www.queenalice.com/game.php?id=1121904"]
[Date "2012.11.13"]
[Round "-"]
[White "Andrei_78"]
[Black "Guzgui"]
[Result "1-0"]
[WhiteElo "1704"]
[BlackElo "1594"]

1. e4 e5 2. Nf3 d6 3. h3 Nc6 4. a3 a5 5. Bb5 g5 6. Bxc6+ bxc6 7. d3 h6 8. O-O g4
9. hxg4 Bxg4 10. Nbd2 d5 11. Nxe5 Bxd1 12. Rxd1 Bd6 13. Ng4 Qh4 14. f3 h5 15.
Nf1 hxg4 16. fxg4 1-0

[Event "AUTO-INT-2398"]
[Site "http://www.queenalice.com/game.php?id=1122754"]
[Date "2012.11.16"]
[Round "2"]
[White "Guzgui"]
[Black "KeeDutra"]
[Result "0-1"]
[WhiteElo "1583"]
[BlackElo "1462"]

1. e4 e6 2. f3 d5 3. e5 c5 4. c4 Nc6 5. Ne2 Nxe5 6. d3 dxc4 7. Qa4+ Bd7 8. Qa3
cxd3 9. Nec3 c4 10. b4 a5 11. b5 Bxa3 12. Bxa3 Qb6 13. Nd2 Nf6 14. O-O-O Bxb5
15. Nde4 Nxe4 16. Nxe4 Qe3+ 0-1

[Event "AUTO-INT-2398"]
[Site "http://www.queenalice.com/game.php?id=1122755"]
[Date "2012.11.16"]
[Round "2"]
[White "KeeDutra"]
[Black "Guzgui"]
[Result "1-0"]
[WhiteElo "1502"]
[BlackElo "1555"]

1. e4 e5 2. f4 d6 3. Bc4 exf4 4. Nf3 Nf6 5. d3 Ng4 6. Bxf4 Qf6 7. Bc1 Be6 8. Bg5
Qg6 9. Nbd2 c6 10. Bxe6 fxe6 11. Qe2 Nd7 12. O-O-O h6 13. Bh4 d5 14. h3 Nge5 15.
g4 Nb6 16. Nxe5 Qh7 17. Qf3 Qg8 18. Ng6 Rh7 19. Nb3 Rd8 20. Bxd8 1-0

[Event "AUTO-INT-2398"]
[Site "http://www.queenalice.com/game.php?id=1122756"]
[Date "2012.11.16"]
[Round "2"]
[White "Guzgui"]
[Black "toinhoxdz"]
[Result "0-1"]
[WhiteElo "1563"]
[BlackElo "2050"]

1. e4 c5 2. Nc3 Nc6 3. Bb5 Nd4 4. Qg4 Nxc2+ 5. Kd1 Nd4 6. Bc4 d5 7. Qh5 Nf6 8.
Qe5 dxc4 9. Nf3 Nxf3 10. gxf3 e6 11. Nb5 Be7 12. Nc7+ Kf8 13. Nxa8 Bd6 14. Qg5
h6 15. Qh4 Bd7 16. Re1 g5 17. Qh3 e5 18. Qg2 Qxa8 19. b3 b5 20. h3 Nh5 21. d4
cxd4 22. h4 f6 23. a4 cxb3 0-1

[Event "AUTO-INT-2398"]
[Site "http://www.queenalice.com/game.php?id=1122757"]
[Date "2012.11.16"]
[Round "2"]
[White "toinhoxdz"]
[Black "Guzgui"]
[Result "1-0"]
[WhiteElo "2046"]
[BlackElo "1565"]

1. Nf3 c5 2. g3 Nf6 3. Bg2 Qb6 4. Nc3 d5 5. Na4 Qc7 6. O-O h5 7. d4 Bd7 8. Nxc5
e6 9. Bf4 Bd6 10. Bxd6 Qxd6 11. Nxb7 Qb4 12. Nc5 Nc6 13. Qd3 Rb8 14. h3 Qxb2 15.
Rfb1 1-0

[Event "AUTO-INT-2398"]
[Site "http://www.queenalice.com/game.php?id=1122758"]
[Date "2012.11.16"]
[Round "2"]
[White "Guzgui"]
[Black "thigo"]
[Result "1-0"]
[WhiteElo "1580"]
[BlackElo "1530"]

1. e4 e5 2. Nf3 g5 3. d3 g4 4. Nxe5 Qf6 5. Nxg4 Qh4 6. Qf3 d5 7. Ne5 f6 8. g3
Bg4 9. Nxg4 Qh5 10. Nxf6+ Nxf6 11. Qxf6 Rg8 12. Qe6+ Kd8 13. Qxg8 Nd7 14. Be2
Qe5 15. Bg4 b6 16. Bg5+ Kc8 17. Qxf8+ Kb7 18. Qb4 a5 19. Qa4 Qxb2 20. Bxd7 b5
21. Bxb5 Qxa1 22. Qb3 c6 23. Ba4+ Kc7 24. Kd2 Rb8 25. Bf4+ Kd7 26. Qxb8 d4 27.
Qd6+ Ke8 28. Bxc6+ Kf7 29. Bd5+ Ke8 30. Bc6+ Kf7 31. Bg5 Qxa2 32. Qf6+ Kg8 33.
Bd5+ Qxd5 34. exd5 a4 35. Re1 a3 36. Re8# 1-0

[Event "AUTO-INT-2398"]
[Site "http://www.queenalice.com/game.php?id=1122759"]
[Date "2012.11.16"]
[Round "2"]
[White "thigo"]
[Black "Guzgui"]
[Result "0-1"]
[WhiteElo "1473"]
[BlackElo "1571"]

1. e4 e5 2. Nh3 d6 3. Qf3 Nc6 4. Bc4 f6 5. Ng5 Nd4 6. Qd3 c5 7. Nf7 Qa5 8. Nxh8
Nh6 9. O-O b5 10. Bd5 Rb8 11. c3 c4 12. Qe3 Nc2 13. Qf3 Nxa1 14. Bf7+ Nxf7 15.
Qh5 Be6 16. Qxh7 Nxh8 17. Qxh8 Qa4 18. b3 Qxa2 19. Ba3 Kf7 20. Bxd6 Rd8 21. Bc5
cxb3 22. Qh5+ g6 23. Qh7+ Bg7 24. h4 Rh8 25. Qxh8 Bxh8 26. d4 Bc4 27. d5 Bxf1
28. Kxf1 Qxb1+ 29. Ke2 Qxe4+ 30. Kf1 Nc2 31. g3 Qe1+ 32. Kg2 b2 33. d6 b1=Q 34.
d7 Qbd1 35. Bxa7 Qxd7 36. Bc5 Qd5+ 37. Kh3 Qf1+ 38. Kg4 Qdc4+ 39. Kf3 Qxc3+ 40.
Kg4 f5+ 41. Kg5 Qd2+ 42. f4 Qfxf4+ 43. gxf4 Qxf4# 0-1

[Event "AUTO-BEG-544"]
[Site "http://www.queenalice.com/game.php?id=1124163"]
[Date "2012.11.20"]
[Round "2"]
[White "rodolfobohmer"]
[Black "Guzgui"]
[Result "1-0"]
[WhiteElo "1756"]
[BlackElo "1533"]

1. e4 e5 2. Nf3 d6 3. h3 g6 4. Nc3 c6 5. d4 f6 6. Bd3 b5 7. dxe5 fxe5 8. a3 Bh6
9. O-O Na6 10. b4 Bd7 11. Bb2 g5 12. Nh2 Ne7 13. Qh5+ 1-0

[Event "AUTO-BEG-544"]
[Site "http://www.queenalice.com/game.php?id=1124164"]
[Date "2012.11.20"]
[Round "2"]
[White "Guzgui"]
[Black "rodolfobohmer"]
[Result "0-1"]
[WhiteElo "1521"]
[BlackElo "1760"]

1. e4 e5 2. Nf3 f6 3. Bc4 Nc6 4. c3 Bc5 5. d4 exd4 6. cxd4 Bb6 7. Qb3 Nge7 8.
Be3 d6 9. Bf7+ Kf8 10. Bg5 Nxd4 11. Nxd4 fxg5 12. Be6 Bxd4 13. Nc3 Bxe6 14. Qxe6
c6 15. Rd1 Be5 16. O-O Qc7 17. Rc1 Re8 18. Nb5 Qb8 0-1

[Event "AUTO-BEG-544"]
[Site "http://www.queenalice.com/game.php?id=1124165"]
[Date "2012.11.20"]
[Round "2"]
[White "joao_messias"]
[Black "Guzgui"]
[Result "1-0"]
[WhiteElo "1826"]
[BlackElo "1537"]

1. e4 e5 2. Nf3 d6 3. h3 h5 4. Be2 a6 5. d3 Nc6 6. Nc3 b5 7. Bg5 f6 8. Be3 Be6
9. Nh4 Nge7 10. Bxh5+ Kd7 11. Bg4 Bxg4 12. Qxg4+ f5 13. Nxf5 Kc8 14. Nxe7+ Kb7
15. Nxc6 Kxc6 16. Qe6 g5 17. Bxg5 Qxg5 18. Qd5+ 1-0

[Event "AUTO-BEG-544"]
[Site "http://www.queenalice.com/game.php?id=1124166"]
[Date "2012.11.20"]
[Round "2"]
[White "Guzgui"]
[Black "joao_messias"]
[Result "0-1"]
[WhiteElo "1562"]
[BlackElo "1788"]

1. e4 e5 2. Nf3 d6 3. c3 Nf6 4. Bd3 a6 5. Qb3 Nc6 6. Ng5 Qe7 7. h4 h6 8. Nf3 Qd8
9. Be2 Be7 10. O-O Nxe4 11. d4 Bxh4 12. Nxh4 Qxh4 13. Be3 f5 14. g3 Nxg3 15.
fxg3 Qxg3+ 16. Kh1 f4 0-1